000 00514nam a2200193Ia 4500
999 _c15081
_d15081
003 OSt
005 20201116095320.0
008 190216s9999||||xx |||||||||||||| ||und||
020 _a0333925521
040 _coclc
082 _a421
_bMOH/S
100 _aMohan, Krishna
_91477
245 0 _aSpeaking English Effectively /
_cKrishna Mohan
250 _a6th Ed.
260 _bMacmillan,
_c2003.
_aDelhi:
300 _a212p
650 _aEnglish
942 _cBK
_2ddc
_h421
_iMOH/S
_k421
_mMOH/S